Nous et les autres. La reflexion francaise sur la diversitè humaine (Record n. 65349)
[ formato base ]
| 000 -LEADER | |
|---|---|
| fixed length control field | 02090nam a2200301Ia 4500 |
| 001 - CONTROL NUMBER | |
| control field | D4303 |
| 003 - CONTROL NUMBER IDENTIFIER | |
| control field | IT-RoPAU |
| 008 - FIXED-LENGTH DATA ELEMENTS--GENERAL INFORMATION | |
| fixed length control field | 130308s9999 xx 000 0 und d |
| 040 ## - CATALOGING SOURCE | |
| Original cataloging agency | IT-RoPAU |
| 040 ## - CATALOGING SOURCE | |
| Transcribing agency | IT-RoPAU |
| 041 ## - LANGUAGE CODE | |
| Language code of text/sound track or separate title | FRANCESE |
| 999 ## - SYSTEM CONTROL NUMBERS (KOHA) | |
| Koha Dewey Subclass [OBSOLETE] | SI |
| 100 ## - MAIN ENTRY--PERSONAL NAME | |
| Personal name | Todorov Tzvetan |
| 100 ## - MAIN ENTRY--PERSONAL NAME | |
| Miscellaneous information | Codice Aut. SPICS: 714 |
| 245 ## - TITLE STATEMENT | |
| Title | Nous et les autres. La reflexion francaise sur la diversitè humaine |
| 245 ## - TITLE STATEMENT | |
| Remainder of title | Nous et Les Autres. La Reflexion Francaise Sur la Diversite' Humaine |
| 250 ## - EDITION STATEMENT | |
| Edition statement | 1a ed. |
| 260 ## - PUBLICATION, DISTRIBUTION, ETC. (IMPRINT) | |
| Place of publication, distribution, etc. | PARIS |
| 260 ## - PUBLICATION, DISTRIBUTION, ETC. (IMPRINT) | |
| Name of publisher, distributor, etc. | Seuil |
| 260 ## - PUBLICATION, DISTRIBUTION, ETC. (IMPRINT) | |
| Date of publication, distribution, etc. | 1989 [1° Ed.:1989 - Ed.Ling.Originale:1989] |
| 300 ## - PHYSICAL DESCRIPTION | |
| Extent | "460 p. (prefazione: no ; testo: 460)" |
| 500 ## - GENERAL NOTE | |
| General note | Noi e gli Altri: Riflessione Francese Sulla Diversità Umana. Universale Erelativo: Etnocentrismo: Spirito Classico, Origine dei Valori, Etnocentrismo Scientifico. Scientismo: Libertà, Stato Universale. Montaigne: Deduzione dell'Universale. Evoluzione del Relativismo: Helvetius, Renan, Relativismo e Politica. Levi Strauss: Orizzonte Relativista, Critica dell'Umanesimo, Effetti dell'Umanesimo, Orizzonte dell'Universalità. razza e Razzismo: Determinismo Scientifico, regno della Scienza, Moralità Superiore. Gobineau: razza e Civilizzazione, razza e Storia. Renan: Razze Linguistiche, Scienza contro Religione, fede nella Ragione. Voci del Razzialismo: Razze Storiche,Razzialismo Come Scientismo, Scientismo e totalitarismo. nazione e Nazionalismo: Distinzioni e Definizioni, Uomo o Cittadino, Evoluzione delle dottrine Nazionaliste. tocqueville: contro la Schiavitu', per le Colonie, Convinzione e Responsabilità. Michelet: Determinismo della Libertà. Renan e Barres: Libertà contro Determinismo, nazione Politica e nazione Culturale. Peguy: Diritti dei Popoli e Unità di Territorio, Eroismo e Pietà. conseguenze del Nazionalismo. Esotico: del buon Uso degli Altri, Chateaubriand, Loti,Segalen, Viaggiatori Moderni. Moderazione: Umanesimo ben Temperato. Bibliografia. |
| 650 ## - SUBJECT ADDED ENTRY--TOPICAL TERM | |
| Topical term or geographic name as entry element | EPISTEMOLOGIA |
| 650 ## - SUBJECT ADDED ENTRY--TOPICAL TERM | |
| Relator term | Codice materia Spics: 3051 |
| 942 ## - ADDED ENTRY ELEMENTS (KOHA) | |
| Koha item type | LIBRO |
| 957 ## - | |
| -- | 1 |
| 999 ## - SYSTEM CONTROL NUMBERS (KOHA) | |
| -- | 1 |
| Withdrawn status | Lost status | Damaged status | Not for loan | Home library | Current library | Date acquired | Total Checkouts | Full call number | Date last seen | Price effective from | Koha item type | Public note |
|---|---|---|---|---|---|---|---|---|---|---|---|---|
| Buone Condizioni | Not For Loan | SPICS-MEDIATECA | SPICS-MEDIATECA | 08/03/2013 | D4303 | 08/03/2013 | 08/03/2013 | LIBRO | Progressivo inserimento: 1395 / N. Volumi: 1 Copie: 1 Copia Rara: SI / data import: 1 marzo 2013 - By Epidotti, Trombetti, Vaglietti. |